Самые холодные города России - Statistics

General Stats
  • This quiz has been taken 18 times
  • The average score is 4 of 13
Answer Stats
# Город % Correct
3 Якутск
81%
8 Норильск
63%
1 Верхоянск
44%
7 Дудинка
38%
9 Певек
38%
11 Воркута
38%
4 Билибино
31%
6 Нерюнгри
31%
5 Олёкминск
25%
13 Нарьян-Мар
25%
2 Сусуман
13%
10 Киренск
6%
12 Печора
6%
No matching quizzes found
Score Distribution
Percent of People with Each Score
Percentile by Number Answered
Your Score History
You have not taken this quiz